Contracts in use (Record no. 114940)

MARC details
000 -LEADER
fixed length control field 01001cam a22002175 4500
001 - CONTROL NUMBER
control field L157732
008 - FIXED-LENGTH DATA ELEMENTS--GENERAL INFORMATION
fixed length control field 130419s2012 d s 000 0 eng u
035 ## - SYSTEM CONTROL NUMBER
System control number (Sirsi) u157732
041 0# - LANGUAGE CODE
Language code of text/sound track or separate title eng
110 2# - MAIN ENTRY--CORPORATE NAME
Corporate name or jurisdiction name as entry element Royal Institution of Chartered Surveyors
9 (RLIN) 4900
245 00 - TITLE STATEMENT
Title Contracts in use
Remainder of title a survey of building contracts in use during 2010
Medium [electronic resource]
250 ## - EDITION STATEMENT
Edition statement 12th ed.
260 ## - PUBLICATION, DISTRIBUTION, ETC.
Place of publication, distribution, etc. London
Name of publisher, distributor, etc. RICS
Date of publication, distribution, etc. 2012
490 #0 - SERIES STATEMENT
Series statement Contracts in Use
Volume/sequential designation 2012
520 ## - SUMMARY, ETC.
Summary, etc. Analyses trends in the use of standard forms of contract and procurement in the UK in 2010 for both new build and refurbishment work. The sample was taken from private practices and public authorities employing chartered quantity surveyors. Work carried out outside the UK is excluded.
521 ## - TARGET AUDIENCE NOTE
Target audience note Advanced
651 #4 - SUBJECT ADDED ENTRY--GEOGRAPHIC NAME
Geographic name United Kingdom
Chronological subdivision
690 ## - LOCAL SUBJECT ADDED ENTRY--TOPICAL TERM (OCLC, RLIN)
Topical term or geographic name as entry element Contracts
9 (RLIN) 6232
856 48 - ELECTRONIC LOCATION AND ACCESS
Uniform Resource Identifier <a href="https://www.rics.org/Global/CONTRACTS%20IN%20USE_FINAL_%20Nov2012_%20lteage_081112.pdf">https://www.rics.org/Global/CONTRACTS%20IN%20USE_FINAL_%20Nov2012_%20lteage_081112.pdf</a>
Public note View this research at www.rics.org
942 ## - ADDED ENTRY ELEMENTS (KOHA)
Suppress in OPAC 0
Holdings
Withdrawn status Lost status Source of classification or shelving scheme Damaged status Not for loan Home library Current library Shelving location Date acquired Total Checkouts Full call number Barcode Date last seen Copy number Price effective from Koha item type
    Dewey Decimal Classification     Virtual Virtual Online 19/04/2013   ONLINE PUBLICATION 157732-2001 06/08/2019 1 06/08/2019 Book